[Event "Great Minds"]
[Site "SchemingMind.com"]
[Date "2008.06.06"]
[Round "-"]
[White "z"]
[Black "Mitchell-in"]
[Result "1-0"]
[WhiteCountry "IRQ"]
[BlackCountry "ENG"]
[WhiteElo "1782"]
[WhiteRD "54"]
[BlackElo "1740"]
[BlackRD "58"]
[GameID "158149"]

1. e4 c6 2. d4 d5 3. Nc3 dxe4 4. Nxe4 Nf6 5. Ng5 e6 6. Bc4 Bd6 7. N1f3 h6 8. Nh3 Nbd7 9. O-O O-O 10. Nf4 Nb6
11. Bb3 Nbd5 12. Nd3 Bd7 13. c4 Nc7 14. Bc2 Rc8= 15. b3 Re8 16. Bb2 Nh7 17. Nde5 f5 18. Qd3 Ng5 19. Rfe1 Nxf3+ 20. Qxf3 c5
21. Rad1 Bxe5 22. Rxe5 b6 23. dxc5 bxc5 24. Rxc5 Qe7 25. Re5
1-0

[Event "Great Minds"]
[Site "SchemingMind.com"]
[Date "2008.06.06"]
[Round "-"]
[White "Mitchell-in"]
[Black "z"]
[Result "0-1"]
[WhiteCountry "ENG"]
[BlackCountry "IRQ"]
[WhiteElo "1740"]
[WhiteRD "58"]
[BlackElo "1782"]
[BlackRD "54"]
[GameID "158150"]

1. e4 c5 2. Nf3 Nc6 3. Bb5 Qc7 4. O-O e6 5. Nc3 Nge7 6. Re1 a6 7. Bf1 d6 8. d4 cxd4 9. Nxd4 Nxd4 10. Qxd4 Nc6
11. Qd1 Be7 12. Bf4 O-O 13. f3 Bd7 14. Qd2 Rfd8 15. Rad1 Rac8
0-1

[Event "Great Minds"]
[Site "SchemingMind.com"]
[Date "2008.06.09"]
[Round "-"]
[White "andy146"]
[Black "z"]
[Result "1-0"]
[WhiteCountry "POL"]
[BlackCountry "IRQ"]
[WhiteElo "1618"]
[WhiteRD "62"]
[BlackElo "1782"]
[BlackRD "54"]
[GameID "158695"]

1. d4 b5 2. e4 a6 3. Bd3 Bb7 4. Be3 e6 5. Nf3 Nf6 6. Nbd2 Be7 7. O-O h6 8. Rc1 d6 9. Ne1 Nbd7 10. f3 c5
11. c4 bxc4 12. Bxc4 O-O 13. Nd3 cxd4 14. Bxd4 e5 15. Bf2 d5 16. exd5 Nxd5 17. Re1 Bd6 18. Qb3 N7b6 19. Nxe5 Rb8 20. Bxb6 Nxb6
21. Bxf7+ Kh8 22. Ng6+ Kh7 23. Qc2 Rxf7 24. Nf8+ Kg8 25. Qh7+
1-0

[Event "Great Minds"]
[Site "SchemingMind.com"]
[Date "2008.06.09"]
[Round "-"]
[White "Mitchell-in"]
[Black "andy146"]
[Result "1-0"]
[WhiteCountry "ENG"]
[BlackCountry "POL"]
[WhiteElo "1766"]
[WhiteRD "59"]
[BlackElo "1622"]
[BlackRD "62"]
[GameID "158696"]

1. e4 c5 2. Nf3 e6 3. c3 d5 4. e5 Nc6 5. d4 Qb6 6. a3 cxd4 7. cxd4 Nge7 8. b4 Nf5 9. Be3 Be7 10. Nc3 f6
11. Na4 Qd8 12. Nc5 O-O 13. Bd3 fxe5 14. Bxf5 exf5 15. Nxe5 Be6 16. Nxe6
1-0

[Event "Great Minds"]
[Site "SchemingMind.com"]
[Date "2008.06.09"]
[Round "-"]
[White "z"]
[Black "andy146"]
[Result "1-0"]
[WhiteCountry "IRQ"]
[BlackCountry "POL"]
[WhiteElo "1719"]
[WhiteRD "54"]
[BlackElo "1645"]
[BlackRD "65"]
[GameID "158697"]

1. b4 e5 2. Bb2 Bxb4 3. Bxe5 Nf6 4. a3 Be7 5. c4 O-O 6. Nf3 Nc6 7. Bb2 b6 8. e3 Bb7 9. Be2 Rc8 10. O-O d5
11. cxd5 Nxd5 12. d4 Bf6 13. Nc3 Nce7 14. Bd3 c5 15. Qe2 cxd4 16. Nxd5 Nxd5 17. Bxd4 Bxd4 18. Nxd4 Re8 19. Qh5 Nf6 20. Qh3 g6
21. Rfd1 Qd5 22. Rac1 Qd7 23. Qxd7 Nxd7 24. Bb5 Rxc1 25. Rxc1 Rd8 26. Rc7 Nc5 27. Kf1 Rc8 28. Rxc8+ Bxc8 29. Nc6 Bb7 30. Nxa7 Ba6=
31. a4 Kf8 32. Ke2 Ke7 33. Bxa6 Nxa6 34. Kd3 Kd7 35. Kc4 Kc7 36. Nb5+ Kc6 37. Nc3 Nc5 38. e4 Ne6 39. g3 h6 40. f4 Nc5
41. e5 Nd7 42. Ne4 Nf8 43. Nd6 f5 44. Nf7 h5 45. Ng5
1-0

[Event "Great Minds"]
[Site "SchemingMind.com"]
[Date "2008.06.15"]
[Round "-"]
[White "calidore"]
[Black "Mitchell-in"]
[Result "1-0"]
[WhiteCountry "ISR"]
[BlackCountry "ENG"]
[WhiteElo "1867"]
[WhiteRD "47"]
[BlackElo "1740"]
[BlackRD "58"]
[GameID "158840"]

1. e4 c6 2. d4 d6 3. Be3 Nf6 4. Nc3 e5 5. dxe5 dxe5 6. Qxd8+ Kxd8 7. O-O-O+ Kc7 8. Bc4 Bb4 9. Nge2 Rf8 10. f3 Nbd7
11. a3 Bxc3 12. Nxc3 Nb6 13. Bb3 Be6 14. Bxe6 fxe6 15. Bxb6+ axb6 16. Rd2 Rfd8= 17. Rhd1 Rxd2 18. Rxd2 Rd8 19. Nd1 Rxd2 20. Kxd2 Kd6
21. Ne3 h6 22. Nc4+ Kc5 23. Nxe5 Kd6 24. Nc4+ Kc5 25. Kd3 b5 26. b4#
1-0

[Event "Great Minds"]
[Site "SchemingMind.com"]
[Date "2008.06.15"]
[Round "-"]
[White "calidore"]
[Black "z"]
[Result "0-1"]
[WhiteCountry "ISR"]
[BlackCountry "IRQ"]
[WhiteElo "1899"]
[WhiteRD "53"]
[BlackElo "1769"]
[BlackRD "52"]
[GameID "158841"]

1. e4 e6 2. d4 d5 3. e5 c5 4. c3 Nc6 5. Nf3 Bd7 6. Bd3 Rc8 7. O-O a5 8. Bg5 Qb6 9. Qb3 Qc7 10. Nbd2 c4
11. Nxc4 dxc4 12. Bxc4 Nxd4 13. cxd4 Qxc4 14. Qxb7 Qb5 15. Qxb5 Bxb5 16. Rfc1 Kd7 17. Rxc8 Kxc8 18. Rc1+ Kd7 19. Bd2 Bb4 20. Bxb4 axb4
21. Rc5 Bc6 22. Rc4 Ne7 23. Rxb4 Nd5 24. Rc4 f6 25. a4 Rb8 26. h3 Rxb2 27. exf6 gxf6 28. Kh2 Rxf2 29. a5 Ne3 30. Nh4 Nxc4
0-1

[Event "Great Minds"]
[Site "SchemingMind.com"]
[Date "2008.06.15"]
[Round "-"]
[White "calidore"]
[Black "andy146"]
[Result "1-0"]
[WhiteCountry "ISR"]
[BlackCountry "POL"]
[WhiteElo "1899"]
[WhiteRD "53"]
[BlackElo "1622"]
[BlackRD "62"]
[GameID "158842"]

1. e4 e6 2. d4 d5 3. e5 c5 4. c3 Qb6 5. Nf3 Ne7 6. Bd3 cxd4 7. cxd4 Bd7 8. Nc3 Nbc6 9. O-O Nf5 10. Bxf5 exf5
11. Rb1 Be7 12. Nxd5 Qd8 13. Nxe7 Qxe7 14. Bg5 Qb4 15. a3 Qb6 16. Be3 Qc7 17. Rc1 O-O 18. d5 Nxe5 19. Rxc7
1-0

[Event "Great Minds"]
[Site "SchemingMind.com"]
[Date "2008.06.10"]
[Round "-"]
[White "Mitchell-in"]
[Black "calidore"]
[Result "1-0"]
[WhiteCountry "ENG"]
[BlackCountry "ISR"]
[WhiteElo "1740"]
[WhiteRD "58"]
[BlackElo "1867"]
[BlackRD "47"]
[GameID "158843"]

1. e4 Nf6 2. e5 Nd5 3. c4 Nb6 4. c5 Nd5 5. Nc3 Nxc3 6. bxc3 b6 7. d4 bxc5 8. dxc5 Nc6 9. Nf3 e6 10. Be3 Rb8
11. Bc4 Na5 12. Bd3 Bb7 13. Qa4 Nc6 14. O-O Be7 15. Rab1 O-O 16. Qc2 h6 17. Qd2 d6 18. Bxh6 gxh6 19. Qxh6 f5 20. exf6 Rf7
21. fxe7 Qxe7 22. Ng5 Rg7 23. Qxe6+ Qxe6 24. Nxe6 Re7 25. Rfe1 Rbe8 26. Re2 Rxe6 27. Rxe6 Rxe6 28. Bc4 d5 29. Bxd5 Bc8 30. Re1 Nd8
31. f4 Kg7 32. Bxe6 Nxe6 33. Re5 Nxf4 34. Re7+ Kf6 35. Rxc7 Be6 36. Rxa7 Ne2+ 37. Kf2 Nxc3 38. c6 Nxa2 39. c7 Nc3 40. Ra8 Ne4+
41. Ke3 Nd6 42. g3 Ke7 43. h4 Kd7 44. Kf4 Kxc7 45. g4 Kd7 46. g5 Ke7 47. Ra7+ Kf8 48. Ke5 Nc8 49. Rc7 Bg4 50. h5 Ne7
51. h6 Bh5 52. Ke6 Bf7+ 53. Ke5 Ng6+ 54. Kf6 Be8 55. h7 Nh8 56. Rc8 Nf7 57. g6
1-0

[Event "Great Minds"]
[Site "SchemingMind.com"]
[Date "2008.06.10"]
[Round "-"]
[White "z"]
[Black "calidore"]
[Result "1-0"]
[WhiteCountry "IRQ"]
[BlackCountry "ISR"]
[WhiteElo "1782"]
[WhiteRD "54"]
[BlackElo "1867"]
[BlackRD "47"]
[GameID "158844"]

1. d4 Nf6 2. c4 e6 3. Nc3 Bb4 4. Bd2 O-O 5. e3 b6 6. Nf3 Bb7 7. Be2 d5 8. O-O Nbd7 9. a3 Be7 10. b4 dxc4
11. Bxc4 Ne4 12. Nxe4 Bxe4 13. Qe2 Nf6 14. Rfd1 Bb7 15. Rac1 Ne4 16. Bc3 Nxc3 17. Rxc3 Bf6 18. Bb3 a5 19. b5 Rc8 20. Rdc1 Qe7
21. Qc2 Bxf3 22. gxf3 e5 23. d5 Qxa3 24. Bc4 Qd6 25. Ba2 Bd8 26. Rc6 Qd7 27. Rxb6 cxb6 28. Qxc8 Qxc8 29. Rxc8 Be7= 30. Rc6 Bc5
31. Kf1 Rd8 32. Ke2 Kf8 33. Kd3 Ke7 34. Kc4 Rd6 35. Rxc5 bxc5 36. Kxc5 f6 37. b6 a4 38. b7 Rd8 39. Kb6 Kd7 40. Ka7 Kc7
41. d6+ Kxd6 42. b8=Q+ Rxb8 43. Kxb8 g5 44. Kc8 f5 45. Kd8 h5 46. Ke8 f4 47. Kf7 g4 48. fxg4 hxg4 49. Kf6 a3 50. Kg5 fxe3
51. fxe3 Kc5 52. Kxg4 Kb4 53. h4 Kc3 54. e4 Kd4 55. Kf5
1-0

[Event "Great Minds"]
[Site "SchemingMind.com"]
[Date "2008.06.14"]
[Round "-"]
[White "andy146"]
[Black "calidore"]
[Result "0-1"]
[WhiteCountry "POL"]
[BlackCountry "ISR"]
[WhiteElo "1618"]
[WhiteRD "62"]
[BlackElo "1867"]
[BlackRD "47"]
[GameID "158845"]

1. d4 Nf6 2. c4 e6 3. Nf3 b6 4. g3 Bb7 5. Bg2 Be7 6. O-O O-O 7. b3 d5 8. Bb2 Nbd7 9. Nc3 dxc4 10. bxc4 Ne4
11. Qc2 Ndf6 12. Rfd1 Nxc3 13. Qxc3 Ne4 14. Qd3 Nf6 15. Nd2 Bxg2 16. Kxg2 c6 17. f3 Qc7 18. e4 Rad8 19. Nb3 Nd7 20. Rac1 Bf6
21. Ba3 Rfe8 22. d5 Qb7 23. d6 c5 24. Rb1 Qc6 25. Kg1 Ne5 26. Qe2 Rxd6 27. Rxd6 Qxd6 28. f4 Qd3 29. Qxd3 Nxd3 30. e5 Be7
31. Rd1 Nb4 32. Kf2 Rd8 33. Rxd8+ Bxd8 34. Bxb4 cxb4 35. Nd4 a5 36. Nc6 Bc7 37. Ke3 Kf8 38. Kd4 Ke8 39. g4 Kd7 40. Na7 f6
41. Nb5 Kc6 42. Na7+ Kb7 43. Nb5 a4 44. c5 b3 45. Nc3 bxa2 46. Nxa2 bxc5+ 47. Kxc5 fxe5
0-1

[Event "Great Minds"]
[Site "SchemingMind.com"]
[Date "2008.06.12"]
[Round "-"]
[White "Phony Benoni"]
[Black "Mitchell-in"]
[Result "1-0"]
[WhiteCountry "USA"]
[BlackCountry "ENG"]
[WhiteElo "2021"]
[WhiteRD "83"]
[BlackElo "1702"]
[BlackRD "62"]
[GameID "159047"]

1. e4 c6 2. d4 d5 3. exd5 cxd5 4. c4 Nc6 5. cxd5 Qxd5 6. Nc3 Qxd4 7. Bd2 e5 8. Nf3 Qd8 9. Bc4 Nf6 10. Ng5 Be6
11. Bxe6 fxe6 12. Nxe6 Qd7 13. Nxf8 Rxf8 14. Bg5 Qxd1+ 15. Rxd1 Rd8 16. Rxd8+ Kxd8 17. Nd5 Kd7 18. Nxf6+ gxf6 19. Be3 Nd4 20. Bxd4 exd4
21. Kd2 Kd6 22. Re1 Rg8 23. g3 h5 24. Kd3 Kd5 25. Re4 Rg4 26. f4 h4 27. Rxd4+ Kc5 28. b4+ Kc6 29. f5 Rxd4+ 30. Kxd4 hxg3
31. hxg3 b5 32. Ke4 Kd6 33. Kf4 Kd5 34. g4 Kc4 35. g5 fxg5+ 36. Kxg5 Kxb4 37. f6 Ka3 38. f7 Kxa2 39. f8=Q
1-0

[Event "Great Minds"]
[Site "SchemingMind.com"]
[Date "2008.06.16"]
[Round "-"]
[White "Phony Benoni"]
[Black "calidore"]
[Result "1-0"]
[WhiteCountry "USA"]
[BlackCountry "ISR"]
[WhiteElo "1986"]
[WhiteRD "85"]
[BlackElo "1899"]
[BlackRD "53"]
[GameID "159048"]

1. e4 Nf6 2. e5 Nd5 3. c4 Nb6 4. d4 d6 5. f4 dxe5 6. fxe5 Bf5 7. Nc3 e6 8. Be3 Be7 9. Nf3 f6 10. Bd3 Bxd3
11. Qxd3 Nc6 12. exf6 Bxf6 13. O-O O-O 14. Rad1 Qe7 15. b3 Rad8 16. Qe2 e5 17. d5 Nb8 18. Ne4 N8d7 19. Nfg5 Rde8 20. Ne6 Rf7
21. N4g5
1-0

[Event "Great Minds"]
[Site "SchemingMind.com"]
[Date "2008.06.12"]
[Round "-"]
[White "Phony Benoni"]
[Black "z"]
[Result "1-0"]
[WhiteCountry "USA"]
[BlackCountry "IRQ"]
[WhiteElo "2004"]
[WhiteRD "79"]
[BlackElo "1782"]
[BlackRD "54"]
[GameID "159049"]

1. e4 a6 2. a4 c5 3. Nf3 e6 4. d3 d5 5. Nbd2 Nf6 6. g3 Be7 7. Bg2 h6 8. O-O Nc6 9. c3 O-O 10. Re1 d4
11. Nc4 b6 12. Bf4 Nh5 13. Nxd4 cxd4 14. Qxh5 Bb7 15. Qe2 b5 16. axb5 axb5 17. Ne5 f6 18. Nxc6 Bxc6 19. e5 Bxg2 20. Kxg2 Qd5+
21. Kg1 dxc3 22. bxc3 g5 23. Rxa8 Rxa8 24. exf6 Bxf6 25. c4 bxc4 26. dxc4 Qc6 27. Qxe6+ Qxe6 28. Rxe6 Kf7 29. Re4 gxf4 30. Rxf4 Ke6
31. Kg2 Ke5 32. h4 Ra4 33. Kf3 Ra3+ 34. Kg4 Rc3 35. Kh5 Be7 36. Kxh6 Ba3 37. Kg6 Bc1 38. Rf5+ Ke6 39. c5 Ba3 40. c6 Be7
41. h5 Rxc6 42. h6 Rc8 43. Rf7 Rh8 44. h7 Rd8 45. Rxe7+
1-0

[Event "Great Minds"]
[Site "SchemingMind.com"]
[Date "2008.06.12"]
[Round "-"]
[White "Phony Benoni"]
[Black "andy146"]
[Result "1/2-1/2"]
[WhiteCountry "USA"]
[BlackCountry "POL"]
[WhiteElo "2004"]
[WhiteRD "79"]
[BlackElo "1618"]
[BlackRD "62"]
[GameID "159050"]

1. e4 e6 2. d4 d5 3. Nc3 Bb4 4. e5 c5 5. a3 Bxc3+ 6. bxc3 Ne7 7. Qg4 Nf5 8. Bd3 h5 9. Qh3 cxd4 10. Bxf5 exf5
11. cxd4 Nc6 12. Ne2 Be6 13. O-O f4 14. Qd3 O-O 15. Nxf4 h4 16. Nxe6 fxe6 17. Be3 Qe8 18. h3 Rc8 19. f4 Ne7 20. Rab1=
1/2-1/2

[Event "Great Minds"]
[Site "SchemingMind.com"]
[Date "2008.06.12"]
[Round "-"]
[White "Mitchell-in"]
[Black "Phony Benoni"]
[Result "1/2-1/2"]
[WhiteCountry "ENG"]
[BlackCountry "USA"]
[WhiteElo "1740"]
[WhiteRD "58"]
[BlackElo "2004"]
[BlackRD "79"]
[GameID "159051"]

1. e4 e5 2. Nf3 Nc6 3. Bb5 f5 4. Nc3 fxe4 5. Nxe4 d5 6. Nxe5 dxe4 7. Nxc6 Qg5 8. Qe2 Nf6 9. f4 Qxf4 10. Ne5+ c6
11. d4 Qh4+ 12. g3 Qh3 13. Bc4 Be6 14. Bg5 Be7 15. Bxf6 Bxf6 16. Qxe4 O-O-O 17. O-O-O Rhe8 18. Bxe6+ Qxe6 19. Kb1 Bxe5 20. dxe5 g6
21. Rxd8+ Rxd8 22. Rf1 Rd5 23. Qf4 Rxe5 24. Qf8+ Kc7 25. Rf7+ Kb6 26. Qb4+ Rb5 27. Qe7 Qxe7=
1/2-1/2

[Event "Great Minds"]
[Site "SchemingMind.com"]
[Date "2008.06.16"]
[Round "-"]
[White "calidore"]
[Black "Phony Benoni"]
[Result "1-0"]
[WhiteCountry "ISR"]
[BlackCountry "USA"]
[WhiteElo "1899"]
[WhiteRD "53"]
[BlackElo "1986"]
[BlackRD "85"]
[GameID "159052"]

1. e4 e5 2. Nf3 Nc6 3. Bc4 Be7 4. d4 exd4 5. O-O d6 6. Nxd4 Nf6 7. Nc3 O-O 8. Be3 Ng4 9. Bf4 Nge5 10. Bb3 Nxd4
11. Qxd4 Bf6 12. Qd2 Be6 13. Nd5 c6 14. Nxf6+ Qxf6 15. Bg3 Rad8 16. f4 Nc4 17. Bxc4 Bxc4 18. Rfb1 Rfe8 19. b3 Be6 20. Qf2 d5
21. Bh4
1-0

[Event "Great Minds"]
[Site "SchemingMind.com"]
[Date "2008.06.12"]
[Round "-"]
[White "z"]
[Black "Phony Benoni"]
[Result "0-1"]
[WhiteCountry "IRQ"]
[BlackCountry "USA"]
[WhiteElo "1769"]
[WhiteRD "52"]
[BlackElo "1986"]
[BlackRD "85"]
[GameID "159053"]

1. d4 Nf6 2. c4 g6 3. Nc3 d5 4. cxd5 Nxd5 5. e4 Nxc3 6. bxc3 c5 7. Rb1 Bg7 8. Be3 cxd4 9. cxd4 O-O 10. Bc4 Nc6
11. Ne2 Qa5+ 12. Qd2 b6 13. Qxa5 Nxa5 14. Bd3 Bb7 15. O-O Rfd8 16. Rfd1 Rac8 17. f3 Nc4 18. Bf2 e6 19. Rdc1 Na5 20. Kf1 Nc6
21. Rb3 Nxd4 22. Ra3 Nc6 23. Bb5 Bb2 24. Rcc3 Bxa3 25. Rxa3 Rd1+ 26. Be1 a6 27. Bc4 Nb4 28. Rc3 Rxc4 29. Rxc4 Nd3
0-1

[Event "Great Minds"]
[Site "SchemingMind.com"]
[Date "2008.06.12"]
[Round "-"]
[White "andy146"]
[Black "Phony Benoni"]
[Result "0-1"]
[WhiteCountry "POL"]
[BlackCountry "USA"]
[WhiteElo "1622"]
[WhiteRD "62"]
[BlackElo "1986"]
[BlackRD "85"]
[GameID "159054"]

1. d4 Nf6 2. c4 c5 3. Nf3 g6 4. Nc3 d5 5. dxc5 dxc4 6. Bg5 Bg7 7. e3 Qa5 8. Bxc4 Ne4 9. O-O Bxc3 10. bxc3 Qxc5
11. Qd5 Qxd5 12. Bxd5 Nxc3 13. Rac1 Ne2+ 14. Kh1 Nxc1 15. Rxc1 Nd7 16. Rc7 h6 17. Bf4 Nf6
0-1

[Event "Great Minds"]
[Site "SchemingMind.com"]
[Date "2008.06.13"]
[Round "-"]
[White "sinergia"]
[Black "Mitchell-in"]
[Result "1/2-1/2"]
[WhiteCountry "VEN"]
[BlackCountry "ENG"]
[WhiteElo "1743"]
[WhiteRD "94"]
[BlackElo "1702"]
[BlackRD "62"]
[GameID "159060"]

1. Nf3 d5 2. g3 c5 3. Bg2 Nc6 4. c3 e5 5. d3 f5 6. e4 fxe4 7. dxe4 d4 8. O-O Nf6 9. Bg5 Bd6 10. a3 O-O
11. Re1 h6 12. Bxf6 Qxf6 13. Nbd2 Be6 14. b4 dxc3 15. Nb1 Rad8 16. Nxc3 cxb4 17. Nd5 Bxd5 18. Qxd5+ Kh8 19. Rec1 bxa3 20. Qb5 Qe7
21. Nh4 Qf7 22. Rf1 a6 23. Qd5 Qxd5 24. Ng6+ Kg8 25. exd5 Rf6 26. dxc6 Rxg6 27. cxb7 Rb8 28. Rfc1 Rf6 29. Rc8+ Kh7 30. Be4+ g6
31. Bd5 Rf8 32. Rac1 h5= 33. R1c6 Rxb7 34. Rxf8 Bxf8 35. Rxa6 Rb1+ 36. Kg2 Rb2=
1/2-1/2

[Event "Great Minds"]
[Site "SchemingMind.com"]
[Date "2008.06.17"]
[Round "-"]
[White "sinergia"]
[Black "calidore"]
[Result "1/2-1/2"]
[WhiteCountry "VEN"]
[BlackCountry "ISR"]
[WhiteElo "1751"]
[WhiteRD "115"]
[BlackElo "1899"]
[BlackRD "53"]
[GameID "159061"]

1. Nf3 Nf6 2. g3 b6 3. Bg2 Bb7 4. O-O e6 5. d4 c5 6. Bg5 cxd4 7. Qxd4 Be7 8. Nc3 O-O 9. Rad1 h6 10. Bxf6 Bxf6
11. Qd3 d5 12. e4 Ba6 13. Qe3 Bxf1 14. Kxf1 Bxc3 15. Qxc3 Qc8 16. Qd3 dxe4 17. Qxe4 Qc6 18. Ne5 Qb5+ 19. c4 Qxb2 20. Qxa8 Qxe5
21. Qxa7 Qc5 22. Qa4 Qc7=
1/2-1/2

[Event "Great Minds"]
[Site "SchemingMind.com"]
[Date "2008.06.13"]
[Round "-"]
[White "sinergia"]
[Black "Phony Benoni"]
[Result "0-1"]
[WhiteCountry "VEN"]
[BlackCountry "USA"]
[WhiteElo "1765"]
[WhiteRD "97"]
[BlackElo "2004"]
[BlackRD "79"]
[GameID "159062"]

1. Nf3 d5 2. g3 c6 3. Bg2 g6 4. O-O Bg7 5. Re1 e5 6. d3 Ne7 7. e4 Bg4 8. Nbd2 Qd7 9. c3 Na6 10. b4 d4
11. Qc2 dxc3 12. Qxc3 Rd8 13. Bf1 O-O 14. a3 Nc7 15. Bb2 Nb5 16. Qc2 Nd4 17. Nxd4 exd4 18. Nb3 f5 19. e5 f4 20. Nxd4 fxg3
21. fxg3 Nf5 22. Qc4+ Kh8 23. Nxf5 Qxf5 24. Qc2 Rde8 25. e6 Rxe6 26. Bxg7+ Kxg7 27. Qc3+ Kg8 28. Qb2 Rd6 29. Qb3+ Kh8 30. Qb2+ Qf6
31. Qxf6+ Rfxf6 32. Re8+ Kg7 33. Re7+ Rf7 34. Rae1 Kf6 35. Rxf7+ Kxf7 36. Re4 Bf5 37. Rf4 Ke6 38. Rf3 Ke5 39. h3 h5 40. Kf2 Kd4
41. Re3 Kc3 42. Re7 Rd7 43. Re3 Kb2 44. g4 hxg4 45. hxg4 Bxg4 46. Bh3 Bxh3 47. Rxh3 Kxa3
0-1

[Event "Great Minds"]
[Site "SchemingMind.com"]
[Date "2008.06.13"]
[Round "-"]
[White "sinergia"]
[Black "z"]
[Result "1-0"]
[WhiteCountry "VEN"]
[BlackCountry "IRQ"]
[WhiteElo "1765"]
[WhiteRD "97"]
[BlackElo "1782"]
[BlackRD "54"]
[GameID "159063"]

1. Nf3 d5 2. g3 Nf6 3. Bg2 Bg4 4. O-O e6 5. h3 Bxf3 6. Bxf3 Be7 7. d3 c5 8. e4 Nc6 9. c3 h6 10. e5 Nh7
11. d4 O-O 12. Bg2 f5 13. f4 g5 14. Qh5 Kg7 15. fxg5 Nxg5 16. h4 Ne4 17. Bxh6+ Kh7 18. Bxf8+ Kg8 19. Bxe7 Nxe7 20. Bxe4 dxe4
21. Qg5+ Kf8 22. Qf6+ Ke8 23. Qxe6 Qd7 24. Qxd7+ Kxd7 25. Na3 Rg8 26. Kh2 Ke6 27. Nb5 a6 28. Na3 cxd4 29. cxd4
1-0

[Event "Great Minds"]
[Site "SchemingMind.com"]
[Date "2008.06.13"]
[Round "-"]
[White "sinergia"]
[Black "andy146"]
[Result "0-1"]
[WhiteCountry "VEN"]
[BlackCountry "POL"]
[WhiteElo "1743"]
[WhiteRD "94"]
[BlackElo "1645"]
[BlackRD "65"]
[GameID "159064"]

1. Nf3 d5 2. g3 Bg4 3. Bg2 Nf6 4. d3 e6 5. Bg5 Be7 6. Bxf6 Bxf6 7. c3 O-O 8. O-O c5 9. h3 Bxf3 10. Bxf3 Nd7
11. e4 dxe4 12. Bxe4 Qc7 13. Na3 Rfd8 14. Nc4 Rab8 15. Qh5 g6 16. Qe2 Ne5 17. Nxe5 Bxe5 18. f4 Bg7 19. Rab1 Rd7 20. Rbd1 Rbd8
21. g4 Qb6 22. Kg2 Qc7 23. Qf3 Kh8 24. Rd2 c4 25. d4 b6 26. Rfd1 Rd6 27. h4 e5 28. f5 exd4 29. cxd4 Rxd4 30. f6 Rxd2+
0-1

[Event "Great Minds"]
[Site "SchemingMind.com"]
[Date "2008.06.13"]
[Round "-"]
[White "Mitchell-in"]
[Black "sinergia"]
[Result "1-0"]
[WhiteCountry "ENG"]
[BlackCountry "VEN"]
[WhiteElo "1766"]
[WhiteRD "59"]
[BlackElo "1751"]
[BlackRD "115"]
[GameID "159065"]

1. e4 d5 2. exd5 Qxd5 3. Nc3 Qd6 4. Nf3 Nf6 5. Bc4 a6 6. O-O b5 7. Bb3 Bb7 8. d3 e6 9. Re1 Be7 10. a4 Ng4
11. h3 Nf6 12. axb5 Qb4 13. bxa6 Nxa6 14. Bd2 Qb6 15. Be3 Qc6 16. Ba4
1-0

[Event "Great Minds"]
[Site "SchemingMind.com"]
[Date "2008.06.17"]
[Round "-"]
[White "calidore"]
[Black "sinergia"]
[Result "1/2-1/2"]
[WhiteCountry "ISR"]
[BlackCountry "VEN"]
[WhiteElo "1867"]
[WhiteRD "47"]
[BlackElo "1765"]
[BlackRD "97"]
[GameID "159066"]

1. e4 d5 2. exd5 Qxd5 3. Nc3 Qd6 4. d4 Nf6 5. Nf3 c6 6. Bc4 Be6 7. Bd3 Bg4 8. Be3 Nbd7 9. h3 Bh5 10. Qe2 O-O-O
11. g4 Bg6 12. O-O-O Nd5 13. Nxd5 Qxd5 14. Bc4 Qd6 15. Ne5 e6 16. Nxg6 hxg6 17. Qf3 f5 18. Rhe1 Qh2 19. Rh1 Qd6 20. Bf4 Qe7
21. Rhe1 Qh4 22. Rh1 Qf6 23. Qe3 Re8 24. Rde1 Bb4 25. c3 Ba5 26. Bxe6 Bc7 27. Bxd7+ Kxd7 28. Qg3 Bxf4+ 29. Qxf4 Kc8 30. Re5 fxg4
31. Qxg4+ Kc7 32. Qg3 Rxe5 33. Qxe5+ Kd7 34. f4 Rh5 35. Qxf6 gxf6 36. Kd2 Rf5 37. Ke3 Kd6 38. Ke4 Rh5 39. Rg1 f5+ 40. Kd3 Rxh3+
41. Kc2 Rh6 42. Rg3 a5 43. a3 a4 44. Rg2 Kd5 45. Kd3=
1/2-1/2

[Event "Great Minds"]
[Site "SchemingMind.com"]
[Date "2008.06.13"]
[Round "-"]
[White "Phony Benoni"]
[Black "sinergia"]
[Result "1-0"]
[WhiteCountry "USA"]
[BlackCountry "VEN"]
[WhiteElo "1986"]
[WhiteRD "85"]
[BlackElo "1751"]
[BlackRD "115"]
[GameID "159067"]

1. e4 d5 2. exd5 Qxd5 3. Nc3 Qd6 4. g3 Nf6 5. Bg2 h5 6. d4 h4 7. Bf4 Qb6 8. Nge2 c6 9. Qd3 Na6 10. a3 hxg3
11. Nxg3 Nh5 12. Nxh5 Rxh5 13. Bf3 Bf5 14. Qe2 Qxb2 15. O-O Rh4 16. Be5 f6 17. Bg3 Rc8 18. Rab1 Qxc3 19. Bxh4 Qxd4 20. Bg3 Nc5
21. Rfd1 Qc3 22. Bd6 e5 23. Bxc5 Bxc5 24. Rxb7 Qxa3 25. Rxg7 Be6 26. Bxc6+ Kf8 27. Rh7 Qb4 28. Bd7
1-0

[Event "Great Minds"]
[Site "SchemingMind.com"]
[Date "2008.06.13"]
[Round "-"]
[White "z"]
[Black "sinergia"]
[Result "1/2-1/2"]
[WhiteCountry "IRQ"]
[BlackCountry "VEN"]
[WhiteElo "1748"]
[WhiteRD "59"]
[BlackElo "1754"]
[BlackRD "91"]
[GameID "159068"]

1. f4 Nf6 2. Nc3 e6 3. e4 d6 4. d4 a6 5. a4 d5 6. e5 Nfd7 7. Nf3 c5 8. Be2 Nc6 9. Be3 Be7 10. O-O h6
11. Qe1 O-O 12. Bd1 f6 13. h4 fxe5 14. Nxe5 Bxh4 15. g3 Bf6 16. Ne2 cxd4 17. Bxd4 Nxd4 18. Nxd4 Nxe5 19. fxe5 Bg5 20. Ra3 Qb6
21. Rxf8+ Kxf8 22. Qf2+ Kg8 23. Rf3 Bd7 24. b3 Be7 25. c3 Rf8 26. Bc2 Rxf3 27. Qxf3 Be8 28. Qd3 Bc5 29. Qh7+ Kf8 30. Qh8+ Ke7
31. Qxg7+ Kd8 32. Qf6+ Kc8 33. Kg2 Bxd4 34. cxd4 Qxd4 35. Qxe6+ Bd7 36. Qxh6 Qxe5 37. Qf8+ Kc7 38. Qf4 Kd6 39. Kf3 Qxf4+ 40. Kxf4 a5
41. g4 Kc5 42. Bf5 Be8 43. Ke5 b5 44. axb5 Bxb5 45. g5 Be8 46. Kf6 d4 47. Ke5 Bf7 48. Bc2 Bg8 49. g6 Bd5 50. g7 Bg8=
51. Kf6 Kb4 52. Ke7 d3 53. Bd1 d2 54. Kf8 Bd5 55. Ke7 Kc3 56. Kd6 Kd4 57. Kc7 Kc5=
1/2-1/2

[Event "Great Minds"]
[Site "SchemingMind.com"]
[Date "2008.06.13"]
[Round "-"]
[White "andy146"]
[Black "sinergia"]
[Result "1/2-1/2"]
[WhiteCountry "POL"]
[BlackCountry "VEN"]
[WhiteElo "1645"]
[WhiteRD "66"]
[BlackElo "1754"]
[BlackRD "91"]
[GameID "159069"]

1. Nf3 Nf6 2. d3 e6 3. g3 d5 4. Bg2 Be7 5. O-O O-O 6. Re1 Nc6 7. Nbd2 e5 8. e4 Bb4 9. c3 Be7 10. Nf1 dxe4
11. dxe4 Re8 12. Bg5 h6 13. Bxf6 Bxf6 14. Ne3 Be6 15. b3 Qxd1 16. Rexd1 Rad8 17. Nd5 Bxd5 18. Rxd5 Rxd5 19. exd5 Ne7 20. Nd2 Bg5
21. Nc4 Rd8 22. Rd1 b6 23. Nxe5 Bf6 24. f4 Nf5 25. Rd3 Nd6 26. Nc6 Ra8 27. c4 a5 28. Rd2 Bc3 29. Re2 Re8 30. Rxe8+ Nxe8
31. Kf2 Kf8 32. Ke3 Nd6 33. Kd3 Bb4 34. Kd4 f6 35. Ke3=
1/2-1/2

[Event "Great Minds"]
[Site "SchemingMind.com"]
[Date "2008.06.13"]
[Round "-"]
[White "kryspin11"]
[Black "Mitchell-in"]
[Result "1-0"]
[WhiteCountry "POL"]
[BlackCountry "ENG"]
[WhiteElo "2288"]
[WhiteRD "82"]
[BlackElo "1702"]
[BlackRD "62"]
[GameID "159099"]

1. c4 e6 2. e4 d5 3. cxd5 exd5 4. exd5 Qxd5 5. Nc3 Qd8 6. Bb5+ c6 7. Bc4 Nf6 8. d4 Bb4 9. Nf3 O-O 10. O-O Bg4
11. Qb3 Bxc3 12. bxc3 Bxf3 13. gxf3 b5 14. Bd3 Nbd7 15. c4 bxc4 16. Bxc4 Nb6 17. Ba3 Re8 18. Bxf7+ Kh8 19. Bxe8 Qxe8 20. Bd6 Rd8
21. Be5 Nbd5 22. Rfe1 Qg6+ 23. Kh1 Qf5 24. Rac1 Nf4 25. Bxf4 Qxf4 26. Rxc6
1-0